Statistics for Countries of James Bond Movies That Were NOT Filmed in Those Countries

Click here to take the quiz!

General Stats

  • This quiz has been taken 31 times
  • The average score is 8 of 18

Answer Stats

Country not in a James Bond movie % Correct
North Korea
80%
China
80%
Vietnam
72%
Cuba
68%
Soviet Union
64%
South Korea
56%
Afghanistan
52%
Pakistan
52%
Yugoslavia
52%
Czechoslovakia
48%
Albania
44%
East Germany
44%
Bulgaria
40%
Uganda
28%
Kazakhstan
24%
Montenegro
16%
Lebanon
8%
Madagascar
4%

Score Distribution

Percentile by Number Answered

Percent of People with Each Score

Your Score History

You have not taken this quiz